[Event "ONJK 2018 FGH"]
[Site "Borne, Netherlands"]
[Date "2018.08.08"]
[Round "8.5"]
[White "Pereira Garza, Cecilia"]
[Black "Vijver, Jonathan"]
[Result "1-0"]
[WhiteElo "818"]
[BlackElo "738"]
[PlyCount "71"]
[EventDate "2018.??.??"]

1. d4 Nf6 2. c4 e6 3. Nc3 Bb4 4. Bd2 Bxc3 5. Bxc3 d5 6. cxd5 exd5 7. Nf3 c5 8.
dxc5 Nc6 9. e3 Bf5 10. Bb5 Qc7 11. O-O a6 12. Bd3 Bxd3 13. Qxd3 O-O 14. Bxf6
gxf6 15. Nd4 Nb4 16. Qc3 Nc6 17. Nf5 Ne5 18. Rfd1 Ng4 19. Rxd5 Qxh2+ 20. Kf1
Qh1+ 21. Ke2 Qxa1 22. Qd4 Kh8 23. Qxg4 Qxb2+ 24. Kf3 Rg8 25. Qh5 Rg5 26. Qh4
Qxa2 27. Qe4 Qa1 28. Nh6 Rxd5 29. Qxd5 Qh1 30. Nxf7+ Kg7 31. Nd6 Qh4 32. Qf7+
Kh6 33. Nf5+ Kg5 34. Nxh4 Kxh4 35. Qxf6+ Kh5 36. g4# 1-0

[Event "ONJK 2018 FGH"]
[Site "Borne, Netherlands"]
[Date "2018.08.08"]
[Round "8.6"]
[White "Smeets, Bent"]
[Black "Huang, Luna"]
[Result "0-1"]
[WhiteElo "445"]
[BlackElo "704"]
[PlyCount "66"]
[EventDate "2018.??.??"]

1. d4 d5 2. Nc3 Nf6 3. Nf3 Nc6 4. Bf4 Bf5 5. a3 e6 6. Nb5 Bd6 7. Nxd6+ cxd6 8.
Bd2 h6 9. e3 a6 10. Bd3 Bxd3 11. cxd3 O-O 12. O-O Re8 13. Qa4 b5 14. Qc2 Rc8
15. Bb4 Nxb4 16. Qb3 Nc6 17. Rfc1 Qb6 18. Rc2 a5 19. a4 Na7 20. Rxc8 Rxc8 21.
axb5 Nxb5 22. Rf1 Qa6 23. Ne1 a4 24. Qb4 Rc6 25. f4 Ng4 26. b3 a3 27. Nc2 a2
28. Qe1 Rxc2 29. Qd1 Nxe3 30. Qe1 Nxf1 31. Qxf1 a1=Q 32. g4 Qxf1+ 33. Kxf1 Qa1#
0-1

[Event "ONJK 2018 FGH"]
[Site "Borne, Netherlands"]
[Date "2018.08.08"]
[Round "8.7"]
[White "Barbier, Emma"]
[Black "Gang, Kevin"]
[Result "0-1"]
[WhiteElo "464"]
[BlackElo "449"]
[PlyCount "106"]
[EventDate "2018.??.??"]

1. e4 e5 2. Nf3 Nc6 3. d3 Nf6 4. Bg5 Be7 5. Nc3 h6 6. Be3 d6 7. Be2 Be6 8. a3
a5 9. Qd2 Qd7 10. d4 exd4 11. Bxd4 Nxd4 12. Nxd4 c5 13. Nf3 Bg4 14. e5 dxe5 15.
Qxd7+ Nxd7 16. O-O f5 17. Rad1 e4 18. Nd2 Bxe2 19. Nxe2 e3 20. fxe3 g6 21. Nc4
O-O-O 22. Nf4 g5 23. Ng6 Rhe8 24. Nce5 Nxe5 25. Rxd8+ Kxd8 26. Nxe5 Bf6 27.
Nf7+ Ke7 28. Nxh6 Ke6 29. Rxf5 Bxb2 30. Rxg5 Bxa3 31. Rg8 Rxg8 32. Nxg8 Kf5 33.
Ne7+ Ke4 34. Kf2 c4 35. h4 Bxe7 36. h5 Bg5 37. Kg3 Bxe3 38. Kg4 a4 39. h6 Bxh6
40. Kh5 Be3 41. c3 a3 42. Kg6 a2 43. g4 a1=Q 44. g5 Qa6+ 45. Kf7 Kf5 46. Ke7
Qe6+ 47. Kd8 Qf7 48. Kc8 Ke6 49. Kb8 b6 50. Kc8 Kd6 51. Kb8 Kc6 52. Ka8 b5 53.
Kb8 Qb7# 0-1

[Event "ONJK 2018 FGH"]
[Site "Borne, Netherlands"]
[Date "2018.08.08"]
[Round "9.1"]
[White "Govoreanu, Matei"]
[Black "Cappan, Stan"]
[Result "1-0"]
[WhiteElo "1073"]
[BlackElo "1065"]
[PlyCount "57"]
[EventDate "2018.??.??"]

1. c4 c5 2. g3 Nc6 3. Bg2 e6 4. Nf3 d5 5. cxd5 exd5 6. O-O Nf6 7. Nc3 d4 8. Ne4
Nxe4 9. d3 Nf6 10. Bg5 Be7 11. Rc1 h6 12. Bxf6 gxf6 13. Re1 b6 14. e3 Be6 15.
exd4 cxd4 16. Rxc6 Bd5 17. Rxf6 Bxa2 18. Rf4 Be6 19. Rxd4 Qc7 20. Rde4 Kf8 21.
d4 Bf5 22. Rxe7 Qc4 23. Ne5 Qa2 24. Rxf7+ Kg8 25. Bxa8 Be6 26. Rf4 Qxb2 27. Bd5
Bxd5 28. Qg4+ Kh7 29. Qg6# 1-0

[Event "ONJK 2018 FGH"]
[Site "Borne, Netherlands"]
[Date "2018.08.08"]
[Round "9.2"]
[White "Kazarjan, Gachatur"]
[Black "Chardon, Kayen"]
[Result "1-0"]
[WhiteElo "1077"]
[BlackElo "524"]
[PlyCount "107"]
[EventDate "2018.??.??"]

1. d4 c5 2. c3 d6 3. Nf3 Nf6 4. dxc5 Nc6 5. cxd6 exd6 6. Bf4 Bf5 7. Nbd2 Be7 8.
e3 O-O 9. Bc4 d5 10. Bb3 Na5 11. O-O Nxb3 12. Nxb3 Bd6 13. Bg5 Be7 14. Nbd4 Be4
15. Nd2 h6 16. Bxf6 Bxf6 17. Nxe4 dxe4 18. Qc2 Qd5 19. Rfd1 Qe5 20. Ne2 Bh4 21.
Nf4 Qf5 22. Rd5 Qg5 23. Rxg5 Bxg5 24. Qxe4 Rfe8 25. Qc4 Rac8 26. Qe2 Bxf4 27.
Qf3 Bd6 28. Qxb7 Rc7 29. Qb5 Rd8 30. Qe2 Rc4 31. Qxc4 Re8 32. Rd1 Bb8 33. Rd7
Rf8 34. Rd5 Re8 35. Rc5 Rf8 36. Rc8 Be5 37. Qc5 Rxc8 38. Qxc8+ Kh7 39. Qf5+ g6
40. Qxf7+ Bg7 41. c4 Kh8 42. c5 Be5 43. c6 g5 44. Qe8+ Kh7 45. Qxe5 Kg6 46. c7
Kf7 47. Qf5+ Ke7 48. Qe5+ Kd7 49. Qg7+ Kc8 50. Qe7 Kb7 51. Qd8 Kb6 52. c8=Q+
Kb5 53. Qb7+ Kc5 54. Qdd5# 1-0

[Event "ONJK 2018 FGH"]
[Site "Borne, Netherlands"]
[Date "2018.08.08"]
[Round "9.3"]
[White "De Vreugt Pezo, Max"]
[Black "Madularea, David"]
[Result "1-0"]
[WhiteElo "976"]
[BlackElo "1085"]
[PlyCount "147"]
[EventDate "2018.??.??"]

1. e4 e5 2. Nf3 Nf6 3. Nc3 Nc6 4. Bb5 Bb4 5. O-O O-O 6. d3 h6 7. h3 d6 8. Bd2
Bd7 9. Nd5 Nxd5 10. exd5 Bxd2 11. dxc6 bxc6 12. Qxd2 cxb5 13. Rfe1 Re8 14. c3
c5 15. Re4 Bf5 16. Re3 Re6 17. Rae1 f6 18. d4 cxd4 19. cxd4 e4 20. d5 Re7 21.
Nd4 Bg6 22. Nc6 Qc7 23. Nxe7+ Qxe7 24. f3 f5 25. fxe4 fxe4 26. b3 a5 27. Qc2 b4
28. Qc4 Qe8 29. Rg3 Bh7 30. Qd4 Qe7 31. Rf1 Re8 32. Re3 Qe5 33. Qxe5 Rxe5 34.
Rd1 Kf7 35. Kf2 Ke7 36. Re2 Kf6 37. Ke3 Bg8 38. Red2 g5 39. g4 Bf7 40. Rd4 Bg6
41. Rc1 Bf7 42. Rf1+ Ke7 43. Rf5 Bg6 44. Rxe5+ dxe5 45. Rd1 Kd6 46. Rd2 Ke7 47.
d6+ Kd7 48. Rd1 Bh7 49. Rd5 Bg8 50. Rxe5 Kxd6 51. Kxe4 Kc6 52. Rxa5 Kb6 53. Re5
Bh7+ 54. Kd4 Bg8 55. Rf5 Bh7 56. Rf6+ Kb5 57. Rxh6 Bg8 58. Rg6 Bf7 59. Rxg5+
Kb6 60. h4 Kc6 61. h5 Kd6 62. h6 Ke6 63. h7 Kf6 64. h8=Q+ Kxg5 65. Qe5+ Kg6 66.
Ke4 Kh6 67. Qf6+ Bg6+ 68. Kf4 Kh7 69. g5 Bb1 70. g6+ Bxg6 71. Kg5 Bb1 72. Qf7+
Kh8 73. Kh6 Bxa2 74. Qh7# 1-0

[Event "ONJK 2018 FGH"]
[Site "Borne, Netherlands"]
[Date "2018.08.08"]
[Round "9.4"]
[White "Mernier, Simon"]
[Black "Kommessin, Felix"]
[Result "1-0"]
[WhiteElo "1263"]
[BlackElo "786"]
[PlyCount "115"]
[EventDate "2018.??.??"]

1. e4 e5 2. Nf3 Nc6 3. Bb5 Nf6 4. O-O Bc5 5. d3 h6 6. Be3 d6 7. Bxc5 dxc5 8.
Nxe5 Bd7 9. Nxd7 Qxd7 10. Nc3 O-O 11. Re1 a6 12. Bxc6 bxc6 13. Qf3 Rad8 14.
Rab1 Qe6 15. a3 c4 16. Red1 cxd3 17. Rxd3 Nd7 18. Rbd1 Ne5 19. Rxd8 Nxf3+ 20.
gxf3 Qe7 21. R8d7 Qe5 22. Kh1 Kh7 23. Kg1 Re8 24. Rxf7 Qg5+ 25. Kf1 Qe5 26.
Rdd7 Rg8 27. Kg1 Qg5+ 28. Kh1 Rb8 29. b3 Re8 30. Rxg7+ Qxg7 31. Rxg7+ Kxg7 32.
Kg2 Re5 33. b4 a5 34. f4 Re6 35. Kf3 axb4 36. axb4 Re8 37. Ke3 Rb8 38. f5 Rxb4
39. f3 Rb8 40. f4 Rf8 41. Ne2 Kf6 42. Ng3 Ke7 43. e5 Kd8 44. Ke4 Re8 45. Nh5 c5
46. f6 Re6 47. Kd5 Re8 48. Kxc5 Rf8 49. e6 Re8 50. f5 Rg8 51. Ng7 Rh8 52. Kc6
Rg8 53. e7+ Kc8 54. e8=Q+ Rxe8 55. Nxe8 Kd8 56. Ng7 Kc8 57. f7 Kd8 58. f8=Q#
1-0

[Event "ONJK 2018 FGH"]
[Site "Borne, Netherlands"]
[Date "2018.08.08"]
[Round "9.5"]
[White "Trunz, Tamila"]
[Black "Bakker, Tim"]
[Result "1-0"]
[WhiteElo "1128"]
[BlackElo "490"]
[PlyCount "31"]
[EventDate "2018.??.??"]

1. e4 e5 2. Nf3 Nc6 3. d4 exd4 4. Bc4 Qf6 5. Bg5 Qg6 6. Bd3 Bb4+ 7. c3 dxc3 8.
bxc3 Bxc3+ 9. Nxc3 Nd4 10. e5 Nxf3+ 11. Qxf3 Qxg5 12. Qe4 Qe7 13. Rc1 Nh6 14.
Nd5 Qg5 15. O-O O-O 16. Qxh7# 1-0

[Event "ONJK 2018 FGH"]
[Site "Borne, Netherlands"]
[Date "2018.08.08"]
[Round "9.6"]
[White "Huang, Luna"]
[Black "Blom, Floris"]
[Result "1-0"]
[WhiteElo "704"]
[BlackElo "188"]
[PlyCount "47"]
[EventDate "2018.??.??"]

1. e4 e5 2. Nf3 Qh4 3. Nxh4 g5 4. Nf3 g4 5. Nxe5 f6 6. Nxg4 Nh6 7. Nxf6+ Kd8 8.
d4 Be7 9. Ng4 Nxg4 10. Qxg4 d6 11. Qg7 Bf8 12. Qxh8 Nd7 13. Qxh7 Nf6 14. Qh4
Be7 15. Qh8+ Bf8 16. Qxf8+ Kd7 17. Qxf6 Ke8 18. e5 dxe5 19. dxe5 Kd7 20. Bb5+
c6 21. Bc4 b5 22. Be6+ Ke8 23. Qf7+ Kd8 24. Bg5# 1-0

[Event "ONJK 2018 FGH"]
[Site "Borne, Netherlands"]
[Date "2018.08.08"]
[Round "9.7"]
[White "Thijsen, Freek"]
[Black "Formanoy, David"]
[Result "1-0"]
[WhiteElo "619"]
[BlackElo "299"]
[PlyCount "61"]
[EventDate "2018.??.??"]

1. e4 c6 2. Bc4 e6 3. Nf3 d5 4. exd5 cxd5 5. Bb5+ Bd7 6. Bxd7+ Nxd7 7. O-O Qc7
8. d4 O-O-O 9. Nc3 Ndf6 10. Nb5 Qd7 11. Nc3 Qd6 12. g3 Ng4 13. Nb5 Qb4 14. Nc3
g6 15. a3 Qe7 16. Bg5 f6 17. Bf4 g5 18. Bd2 Qg7 19. Re1 e5 20. dxe5 fxe5 21. h3
N4f6 22. Rxe5 Re8 23. Rxe8+ Nxe8 24. Bxg5 h6 25. Bf4 Bd6 26. Bxd6 Nxd6 27. Qxd5
Qd7 28. Qd4 Rh7 29. Rd1 Qxh3 30. Qxd6 Rf7 31. Qd8# 1-0